Địa lí 9

DL

में बचाया:
ग्रंथसूची विवरण
मुख्य लेखक: Nguyễn, Dược
अन्य लेखक: Vũ, Như Vân
स्वरूप: पुस्तक
भाषा:Undetermined
प्रकाशित: H. Giáo dục 2006
विषय:
ऑनलाइन पहुंच:http://lrc.tdmu.edu.vn/opac/search/detail.asp?aID=2&ID=5014
टैग : टैग जोड़ें
कोई टैग नहीं, इस रिकॉर्ड को टैग करने वाले पहले व्यक्ति बनें!
Thư viện lưu trữ: Trung tâm Học liệu Trường Đại học Thủ Dầu Một
LEADER 00792nam a2200217Ia 4500
001 TDMU_5014
008 210410s9999 xx 000 0 und d
082 |a 910.71 
090 |b NG527 
100 |a Nguyễn, Dược 
245 0 |a Địa lí 9 
245 0 |c Nguyễn Dược 
260 |a H. 
260 |b Giáo dục 
260 |c 2006 
300 |a 160tr 
520 |a DL  |d Thực tập SP 1 và 2; DL004  |d Lí luận và phương pháp dạy học Địa lí THCS; DL018  |d Kĩ thuật dạy học Địa lí 
650 |a Sách lớp 9  |v Giáo khoa; Địa lí  |x Dạy và học 
700 |a Vũ, Như Vân 
856 |u http://lrc.tdmu.edu.vn/opac/search/detail.asp?aID=2&ID=5014 
980 |a Trung tâm Học liệu Trường Đại học Thủ Dầu Một